| 000 | 00757nam a22002537a 4500 | ||
|---|---|---|---|
| 942 | _cBK | ||
| 999 |
_c469 _d469 |
||
| 003 | OSt | ||
| 005 | 20250420134811.0 | ||
| 008 | 200716b ||||| |||| 00| 0 eng d | ||
| 020 | _a9781292162003 | ||
| 040 | _cKCST | ||
| 082 |
_a621.381 _bWi Di |
||
| 100 |
_aWidmer, Neal S. _94616 |
||
| 245 |
_aDigital systems _bprinciples and applications / _cNeal S. Widmer, Gregory L. Moss, Ronald J. Tocci. |
||
| 250 |
_a12th edition _bGlobal edition. |
||
| 260 |
_aHarlow : _bPearson, _c2018. |
||
| 300 |
_a1024 p. : _bill. |
||
| 650 |
_aLogical design. _94617 |
||
| 650 |
_aDigital Integrated Circuits. _91178 |
||
| 650 |
_aDigital techniques. _94618 |
||
| 700 |
_a Moss, Gregory L. _94619 |
||
| 700 |
_aTocci, Ronald J. _94620 |
||
| 942 | _2ddc | ||